| 000 | 00502nam a2200169Ia 4500 | ||
|---|---|---|---|
| 003 | GCL | ||
| 008 | 140319s9999 xx 000 0 eng d | ||
| 040 |
_aGCL / _cGCL |
||
| 082 | 0 | 4 |
_a780.3 _bW J |
| 100 | 1 | _aWILLMON, JESS | |
| 245 | 1 | 0 |
_aDICTIONARY OF MUSICAL TERMS ENGLISH - FRENCH - GERMAN - ITALIAN - ARBIC / _cWILLMON, JESS |
| 260 |
_a[S.N] : _bCENTER FOR EDUCATION AL RESEARCH AND DEV ، _c1994 |
||
| 300 | _a179 P | ||
| 650 | 0 | 4 | _aDICTIONARIES |
| 650 | 0 | 4 | _aMUSIC - DICTIONARY |
| 942 |
_2ddc _cBK |
||
| 999 |
_c12528 _d12528 |
||